000 00640nam a2200229 a 4500
005 20140310183332.0
008 060822s19uu xx 00 eng d
020 _a1592001165
050 _aTR 897.7
_b.C592 2005
100 _aClark, Brad
245 _aInspired 3d advanced rigging and deformations /
_cBrad Clark.
260 _aBoston, MA :
_bThomson Course Technology,
_c2005.
300 _a318 p. :
_bcol. ill. ;
_c19 cm.
521 _aIT
650 _a3d studio.
650 _aComputer animation.
650 _aComputer graphics.
700 _aHood, John
700 _aHarkins, Joe
942 _cBK
_2lcc
_kFOR
999 _c21593
_d21593